Statystyki dla Największe Miasta w woj. Lubelskim

Kliknij tutaj aby rozwiązać quiz!

Ogólne statystyki

  • Ten quiz został rozwiązany 100 razy
  • Średni wynik to 9 z 15

Statystyki odpowiedzi

HINTOdpowiedź% Poprawnych
339 tysLUBLIN
99%
63 tysZAMOŚĆ
93%
62 tysCHEŁM
85%
48 tysPUŁAWY
76%
57 tysBIAŁA PODLASKA
69%
34 tysKRAŚNIK
62%
39 tysŚWIDNIK
57%
18.9 tysKRASNYSTAW
54%
22 tysLUBARTÓW
53%
18.8 tysŁĘCZNA
52%
17 tysHRUBIESZÓW
49%
26 tysBIŁGORAJ
48%
16 tysDĘBLIN
48%
29 tysŁUKÓW
48%
19 tysTOMASZÓW LUBELSKI
48%

Rozkład punktacji

Percentyl według liczby udzielonych odpowiedzi

Procent ludzi z każdym wynikiem

Twoja historia wyników

Nie rozwiązałeś tego quizu